Personnages de Kung Fu Panda - Statistiques

Statistiques générales
  • Ce quiz a été pris 79 fois
  • Le résultat moyen est 9 sur 13
Statistiques - réponses
Par images Réponse % Correct
Po
100%
Tigresse
90%
Maître Shifu
86%
Singe
83%
Mante
78%
Grue
77%
Vipère
77%
Tai-Lung
65%
Grand-maître Oogway
61%
Kai
51%
Shen
46%
M.Ping
38%
Zeng
4%
Aucun quiz correspondant
Distribution des résultats
% des personnes avec chaque résultat
Percentile par nombre de réponses
Votre historique - résultats
Vous n’avez pas pris ce quiz